000
00298nam a2200121Ia 4500
005
20260328104248.0
008
260328s9999||||xx |||||||||||||| ||und||
100
_a
Gispert, Carlos
245
0
_a
Historia del Antiguo Egipto /
_c
Carlos Gispert
260
_b
Océano
650
_a
EGIPTO
942
_c
BK
999
_c
10167
_d
10167